000 00770nam a2200241Ii 4500
001 19514
003 CO-ViMGA
005 20260318200725.0
008 241108s9999||||xx |||||||||||||| ||und||
020 _a9789584483348
040 _aCO-ViMGA
_bspa
_erda
_cCO-ViMGA
041 0 _aspa
082 0 4 _a636.656 M87a
100 1 _aMarjhy Andrea Murcia Novoa
_950340
245 1 0 _aAves del piedemonte llanero, Cubarral - Meta
264 1 _a[Lugar de publicación no identificado] : CORMACARENA Y UNIVERSIDAD DISTRITAL FRANCISCO JOSÉ DE CALDAS, 2011
300 _avolumen
336 _atext
_btxt
_2rdacontent
337 _aunmediated
_bn
_2rdamedia
338 _avolume
_bnc
_2rdacarrier
830 _aRNBP
_969122
940 _aidficha_siabuc: 19170. -- ficha_no_siabuc:19514
999 _c45023
_d45023